00419nam a22001572 4500001001100000005001700011008004100028020001700069040001500086245007100101250001300172260003500185300001700220650002100237852000300258000001872620151217152133.0100610s xx 000 0 eng d a8175341517 : aKABUcKABU13aAn Introduction to legal systems /cEdited by J. Duncan M. Derret. a1st ed. aDelhi :bUniversal Law,c1968. axix, 203 p. 0aLaw.@00001780671